000 00995nam a22003257a 4500
003 CHAP
005 20220329134409.0
008 971013s1970 r 00010 d
010 _a19934
011 _a20906
035 _a24995
040 _cCHAP
082 _a651.8
_bB6
100 0 0 _aBolt, A. B.
_913601
245 _aCommunicating with a computer
260 _aLondon :
_bCambridge University,
_c1970
300 _a80 p.
_b: ilus.
490 _aS.M.P. handbooks
590 _aBATCH-UPD
_b10
_c20130110
_lUCH01
_h1820
590 _aBATCH-UPD
_b10
_c20130410
_lUCH01
_h1154
590 _aBATCH-UPD
_b10
_c20130914
_lUCH01
_h0816
590 _aCONVERSION
_b10
_c20130109
_lUCH01
_h1312
650 1 4 _aCalculadoras electrónicas digitales.
_917346
650 1 4 _aProcesamiento automático de datos.
_991738
700 0 _aWardle, M. E.
_9121057
830 0 _aS.M.P. handbooks
_9101063
901 _aBK
942 _cLIBRO
949 _a651.8 B6
_bBC
_cLIBRO
_d33724000271441
_eLIBRO
_h41666
_i24995
_si
999 _c19934
_d19934